000 00495nam a2200169 a 4500
005 20140412111313.0
008 010319s19uu xx 00 eng d
020 _a0-7105-0368-7
050 _aER
_bUg26 1994
100 _aPatric, Mary
245 _aThe Ugly duckling /
_cretold by Mary Patric ; illustrated by George Fryer.
260 _aEngland :
_bPeter Haddock Ltd,
_c[n.d.]
300 _a1 v. (unp.) ; ill.
650 _aDucks -- Stories
650 _aDucks -- Fiction
999 _c104102
_d104102